Algebraic and geometric surgery
Αποθηκεύτηκε σε:
| Κύριος συγγραφέας: | |
|---|---|
| Μορφή: | Βιβλίο |
| Γλώσσα: | English |
| Δημοσίευση: |
Oxford : New York :
Clarendon Press ;, Oxford University Press,
2003, c2002
|
| Έκδοση: | 1η εκδ., ανατύπωση |
| Σειρά: | Oxford mathematical monographs
Oxford science publications |
| Θέματα: | |
| Ετικέτες: |
Προσθήκη ετικέτας
Δεν υπάρχουν, Καταχωρήστε ετικέτα πρώτοι!
|
MARC
| LEADER | 00000nam a2200000 i 4500 | ||
|---|---|---|---|
| 001 | 1/51969 | ||
| 008 | 070821s20022003 eng d | ||
| 020 | |a 0-19-850924-3 | ||
| 035 | |l 10089870 | ||
| 040 | |a GR-MY-UA |b gre |e aacr | ||
| 041 | 0 | |a eng | |
| 082 | 0 | |a 514.72 |2 (22) | |
| 100 | 1 | |a Ranicki, Andrew |d 1948- | |
| 245 | 1 | 0 | |a Algebraic and geometric surgery / |c Andrew Ranicki |
| 250 | |a 1η εκδ., ανατύπωση | ||
| 260 | |a Oxford : |a New York : |b Clarendon Press ;, |b Oxford University Press, |c 2003, c2002 | ||
| 300 | |a xi, 373 σ.; |b εικ.; |c 24 εκ. | ||
| 490 | 1 | |a Oxford Mathematical monographs | |
| 490 | 1 | |a Oxford science publications | |
| 504 | |a Περιλαμβάνει βιβλιογραφικές αναφορές (σ. [361]-365) και ευρετήριο | ||
| 650 | 0 | 0 | |a Surgery (Topology) |
| 830 | 0 | |a Oxford mathematical monographs | |
| 830 | 0 | |a Oxford science publications | |
| 852 | |a INST |b SAMOS |e 20070821 |h 514.72 RAN |p 005300028483 |q 005300028483 |t BK |y 0 | ||
| 901 | |a BIBL3-2007-2 | ||
| 909 | |a Σ |b 137083 | ||
| 922 | |a 3ΕΛΗ |b 200707 |c ΕΠΕΑΕΚ2/ΤΜΗΜΑ ΜΑΘΗΜΑΤΙΚΩΝ |d ΠΑΠΑΣΩΤΗΡΙΟΥ | ||
| 970 | |a ΡΟΥΣΣΟΥ |b ΚΩΝΣΤΑΝΤΙΝΑ |z 2007/08/21 | ||